| 000 | 00911cam a2200277 a 4500 | ||
|---|---|---|---|
| 001 | 000010237 | ||
| 005 | 20200929162217.0 | ||
| 008 | 931012s1986 mnu 000 0 spa d | ||
| 020 | _a0910235090 | ||
| 035 | _a(DLC) 84062597 | ||
| 035 | _a(OCoLC)16570024 | ||
| 040 |
_aDO-SdBNP _cNjN _dDLC _dBNPHU |
||
| 082 |
_aPR861.44 _bR621p |
||
| 100 | 1 |
_aRivera, Juan Manuel. _925243 |
|
| 245 | 1 | 0 |
_aPoemas de la nieve negra / _cJuan Manuel Rivera. |
| 260 |
_aMinneapolis, Minesota : _bPrisma Books, _cc1986. |
||
| 300 |
_a94 p. ; _c21 cm. |
||
| 490 | 1 |
_aPoesía guámpara _v2 |
|
| 590 | _aUn ejemplar autobiografiado por el autor. | ||
| 590 | _aPerteneció a la biblioteca personal de Juan Isidro Jimenes Grullón. | ||
| 650 | 4 |
_aPoesía puertorriqueña _91015 |
|
| 650 | 4 |
_aLiteratura puertorriqueña _9250 |
|
| 830 | 0 |
_aPoesía guámpara ; _v2 _925244 |
|
| 910 | _aCatalogación por copia / LC | ||
| 049 | _aBNGR | ||
| 999 |
_c9996 _d9996 |
||